Central Library OPAC University of Rajshahi

Number, the language of science : (Record no. 8002)

MARC details
000 -LEADER
fixed length control field 00957nam a22002891 4500
001 - CONTROL NUMBER
control field 8002
003 - CONTROL NUMBER IDENTIFIER
rucl marc code BD-RjUL
005 - DATE AND TIME OF LATEST TRANSACTION
control field 20211208234516.0
008 - FIXED-LENGTH DATA ELEMENTS--GENERAL INFORMATION
fixed length control field 861016s1947 nyuacf b 001 0 eng
035 ## - SYSTEM CONTROL NUMBER
System control number (BD-RjUL)8047
040 ## - CATALOGING SOURCE
Original cataloging agency DLC/ICU
Transcribing agency ICU
Modifying agency DLC
-- BD-RjUL
Language of cataloging eng
041 ## - LANGUAGE CODE
Language code of text/sound track or separate title eng
051 ## - LIBRARY OF CONGRESS COPY, ISSUE, OFFPRINT STATEMENT
Classification number QA9
Item number .D2 1939 Copy 2
Copy information Copy 2.
082 00 - DEWEY DECIMAL CLASSIFICATION NUMBER
Classification number 510.1
Author mark and year DAN 1947
100 1# - MAIN ENTRY--PERSONAL NAME
Personal name Dantzig, Tobias,
Dates associated with a name 1884-1956.
9 (RLIN) 22807
245 10 - TITLE STATEMENT
Title Number, the language of science :
Remainder of title a critical survey written for the cultured non-mathematician /
Statement of responsibility, etc. by Tobias Dantzig.
250 ## - EDITION STATEMENT
Edition statement 3d ed., rev. and augm.
260 ## - PUBLICATION, DISTRIBUTION, ETC. (IMPRINT)
Place of publication, distribution, etc. London :
Name of publisher, distributor, etc. Allen & Unwin,
Date of publication, distribution, etc. 1947.
300 ## - PHYSICAL DESCRIPTION
Pagination x, 3 l., 320 p. :
Illustrations illus., pl., ports., diagrs. ;
Size 22 cm.
500 ## - GENERAL NOTE
General note Includes index.
504 ## - BIBLIOGRAPHY, ETC. NOTE
Bibliography, etc "Suggestions for subsequent reading": p. 309-310.
650 #0 - SUBJECT ADDED ENTRY--TOPICAL TERM
Topical term or geographic name as entry element Number concept.
9 (RLIN) 22808
Topical term or geographic name as entry element Arithmetic
General subdivision History.
9 (RLIN) 22809
942 ## - ADDED ENTRY ELEMENTS (KOHA)
Source of classification or shelving scheme Dewey Decimal Classification
Koha item type Books
Holdings
Lost status Source of classification or shelving scheme Damaged status Not for loan Collection code Permanent Location Current Location Shelving location Date acquired Source of acquisition Cost, normal purchase price Total Checkouts Full call number Date last seen Copy number Koha item type
  Dewey Decimal Classification   Not For Loan Non-fiction Central Library, University of Rajshahi Central Library, University of Rajshahi   06/04/1986 A.B.C. 10.20   510.1 DAN 1947 16/01/2014 C-1 Books